A guide to business contiinuity planning
| Main Author: | |
|---|---|
| Format: | Book |
| Published: |
Chichester :
John Wiley ,
2001
|
| Subjects: |
MARC
| LEADER | 00000cam a2200000 7i4500 | ||
|---|---|---|---|
| 001 | 0000010719 | ||
| 005 | 20220217.0 | ||
| 020 | |a 0471520158 | ||
| 040 | |a INS | ||
| 090 | 0 | 0 | |a HD49 2001 |
| 100 | 1 | |a Barnes, James C. | |
| 245 | 1 | 2 | |a A guide to business contiinuity planning |c James C. Barnes |
| 260 | |a Chichester : |b John Wiley , |c 2001 | ||
| 300 | |a viii,174p ; |c 25cm. | ||
| 650 | 0 | 0 | |a Business Planning |
| 999 | |a 0000009917 |b BOOK |c Open Shelf |e Default branch | ||